|
|
|
|
| LEADER |
00933nam a2200229 a 4500 |
| 001 |
GR-MES10127 |
| 008 |
060515s gr 000 0 gre d |
| 020 |
|
|
|a 9602747609
|
| 040 |
|
|
|a GrPaTEI
|b gre
|c GR-PaULI
|
| 040 |
|
|
|a GrPaTEI
|b gre
|c GR-PaULI
|
| 100 |
1 |
|
|a Berling, Peter
|
| 245 |
1 |
2 |
|a Ο θρόνος των βασιλέων :
|b Ιστορικό μυθιστόρημα /
|c Πέτερ Μπερλινγκ.
|
| 260 |
|
|
|a Αθήνα :
|b Ψυχογιός,
|c 2004
|
| 300 |
|
|
|a 827σ. :
|b εικ.
|
| 500 |
|
|
|a DAS BLUT DER KONIGE
|
| 650 |
|
4 |
|a Ιστορικό Μυθιστόρημα
|
| 650 |
|
4 |
|a Λογοτεχνία
|z Γερμανία
|
| 700 |
1 |
|
|a Αγγελίδου, Μαρία
|
| 942 |
|
|
|2 ddc
|
| 952 |
|
|
|0 0
|1 0
|2 ddc
|4 0
|6 Ξ_BER
|7 0
|9 269728
|a MSLG
|b MSLG
|c BSC
|d 2021-01-17
|e 24
|f 0
|g 0.00
|l 0
|o Ξ BER
|p 2420000020299
|r 2021-01-17 00:00:00
|t 1
|w 2021-01-17
|y BK15
|x 20060515 0 1
|x GrPaTEI
|
| 971 |
|
|
|a .b25761742
|b 16-04-20
|c 13-09-16
|
| 999 |
|
|
|c 155680
|d 155680
|